[Event "Oberliga Ost-A 1617"]
[Site "Germany"]
[Date "2017.05.07"]
[Round "11.1"]
[White "Lechtynsky, Jiri"]
[Black "Degtiarev, Evgeny"]
[Result "0-1"]
[WhiteElo "2354"]
[BlackElo "2414"]
[PlyCount "122"]
[EventDate "2016.10.16"]
[EventType "team-tourn"]
[EventRounds "11"]
[EventCountry "GER"]
[SourceTitle "EXT 2018"]
[Source "ChessBase"]
[SourceDate "2017.10.13"]
[SourceVersion "1"]
[SourceVersionDate "2017.10.13"]
[SourceQuality "1"]
[WhiteTeam "Hoyerswerda"]
[BlackTeam "Magdeburg Aufbau Elbe"]
[WhiteTeamCountry "GER"]
[BlackTeamCountry "GER"]

1. d4 Nf6 2. Nf3 b6 3. g3 Bb7 4. Bg2 g6 5. c4 Bg7 6. 0-0 0-0 7. Nc3 Ne4 8. Nxe4 Bxe4 9. Ne1 Bxg2 10. Nxg2 d5 11. cxd5 Qxd5 12. Be3 Nc6 13. Nf4 Qe4 14. d5 Nb4 15. Qa4 b5 16. Qxb5 Nc2 17. Rac1 Nxe3 18. fxe3 Qxe3+ 19. Kh1 Qe4+ 20. Rf3 Qe5 21. b3 g5 22. Ng2 e6 23. Ne3 h5 24. Qd3 Rad8 25. h3 g4 26. hxg4 hxg4 27. Rf4 f5 28. Kg2 Bh6 29. Nxg4 fxg4 30. Qg6+ Bg7 31. Rxf8+ Rxf8 32. Qxe6+ Qxe6 33. dxe6 Rc8 34. Rc4 Bf6 35. Rxg4+ Kf8 36. Ra4 Ra8 37. Kf3 Ke7 38. Ke4 Kxe6 39. Ra6+ Kf7 40. Kf5 Bd4 41. Rc6 Bb6 42. e4 Ke7 43. e5 Rf8+ 44. Rf6 Bd4 45. Rxf8 Kxf8 46. Kf6 Bf2 47. g4 Ke8 48. g5 Bh4 49. Kf5 Ke7 50. Kg4 Be1 51. Kf5 Bd2 52. g6 Bh6 53. Ke4 Ke6 54. Kd4 Bf8 55. Kc4 a6 56. b4 Kxe5 57. b5 a5 58. b6 cxb6 59. Kb5 Kf6 60. Kxb6 Bb4 61. a3 Be1 0-1

[Event "CZE-chT1W 1617"]
[Site "Czech Republic"]
[Date "2017.04.09"]
[Round "11.2"]
[White "Svoboda, Svatopluk"]
[Black "Lechtynsky, Jiri"]
[Result "1/2-1/2"]
[WhiteElo "2441"]
[BlackElo "2365"]
[PlyCount "67"]
[EventDate "2016.10.16"]
[EventType "team-tourn"]
[EventRounds "11"]
[EventCountry "CZE"]
[SourceTitle "CBM 177 Extra"]
[Source "ChessBase"]
[SourceDate "2017.04.27"]
[SourceVersion "1"]
[SourceVersionDate "2017.04.27"]
[SourceQuality "1"]
[WhiteTeam "Pankrac"]
[BlackTeam "Ceske Budejovice"]
[WhiteTeamCountry "CZE"]
[BlackTeamCountry "CZE"]

1. e4 c6 2. d4 d5 3. Nd2 dxe4 4. Nxe4 Nf6 5. Nxf6+ exf6 6. c3 Bd6 7. Bd3 0-0 8. Qc2 Re8+ 9. Ne2 h6 10. 0-0 Nd7 11. Bf4 Nf8 12. Bxd6 Qxd6 13. Ng3 Ne6 14. Rfe1 Bd7 15. Nf5 Qc7 16. Bf1 g6 17. Ne3 Rad8 18. Rad1 Bc8 19. a4 Kg7 20. d5 Nf4 21. dxc6 bxc6 22. Rxd8 Rxd8 23. Rd1 Be6 24. Rxd8 Qxd8 25. Qe4 Qd6 26. g3 Nh3+ 27. Bxh3 Bxh3 28. Qd4 Qe6 29. c4 c5 30. Qd3 Qb6 31. Qd2 Qe6 32. f3 h5 33. Kf2 Qe5 34. Qc3 1/2-1/2

[Event "Oberliga Ost-A 1617"]
[Site "Germany"]
[Date "2017.01.15"]
[Round "5.1"]
[White "Lechtynsky, Jiri"]
[Black "Cerveny, Martin"]
[Result "1/2-1/2"]
[WhiteElo "2354"]
[BlackElo "2384"]
[PlyCount "23"]
[EventDate "2016.10.16"]
[EventType "team-tourn"]
[EventRounds "11"]
[EventCountry "GER"]
[SourceTitle "EXT 2018"]
[Source "ChessBase"]
[SourceDate "2017.10.13"]
[SourceVersion "1"]
[SourceVersionDate "2017.10.13"]
[SourceQuality "1"]
[WhiteTeam "Hoyerswerda"]
[BlackTeam "Aue Nickelhuette II"]
[WhiteTeamCountry "GER"]
[BlackTeamCountry "GER"]

1. Nf3 Nf6 2. b3 d6 3. d4 g6 4. Bb2 Bg7 5. g3 0-0 6. Bg2 c6 7. 0-0 Bg4 8. Nbd2 e5 9. dxe5 Nfd7 10. Qc1 Bxf3 11. Nxf3 Nxe5 12. Rd1 1/2-1/2

[Event "Oberliga Ost-A 1617"]
[Site "Germany"]
[Date "2016.12.04"]
[Round "4.1"]
[White "Schmidt Schaeffer, Sebastian"]
[Black "Lechtynsky, Jiri"]
[Result "1/2-1/2"]
[WhiteElo "2383"]
[BlackElo "2354"]
[PlyCount "85"]
[EventDate "2016.10.16"]
[EventType "team-tourn"]
[EventRounds "11"]
[EventCountry "GER"]
[SourceTitle "EXT 2018"]
[Source "ChessBase"]
[SourceDate "2017.10.13"]
[SourceVersion "1"]
[SourceVersionDate "2017.10.13"]
[SourceQuality "1"]
[WhiteTeam "Naumburg"]
[BlackTeam "Hoyerswerda"]
[WhiteTeamCountry "GER"]
[BlackTeamCountry "GER"]

1. e4 c5 2. Nf3 e6 3. b3 d6 4. Bb5+ Bd7 5. Bxd7+ Nxd7 6. 0-0 Ngf6 7. Re1 Be7 8. Bb2 0-0 9. d4 cxd4 10. Nxd4 Qc7 11. c4 Rfe8 12. Nc3 a6 13. Re3 Bf8 14. Qe2 g6 15. Rd1 Rac8 16. Kh1 Qb8 17. f4 e5 18. fxe5 dxe5 19. Nc2 b5 20. cxb5 axb5 21. Red3 Nc5 22. Rf3 Bg7 23. Ba3 Qa8 24. Bxc5 Rxc5 25. Nb4 Qb7 26. h3 h5 27. Qf2 Rxc3 28. Rxc3 Qxe4 29. Nd3 Qa8 30. Nc5 e4 31. Rc2 Nd5 32. Rf1 f5 33. Qg3 Kh7 34. Rd1 f4 35. Qg5 Re5 36. Qh4 Qc6 37. Rcc1 Bf6 38. Qe1 Qe8 39. Rxd5 Rxd5 40. Nxe4 Qe5 41. Nxf6+ Qxf6 42. Qe4 Qe5 43. Qxe5 1/2-1/2